La Conreria, Sant Mateu, Céllecs : guia de l'espai natural guia de l'espai natural
Descripción Física:
52 p. : il.; 23 cm + 1 plànol (58 x 39 cm pleg. a 20 x 15 cm)
Otros Autores:
Consorci de la Conreria, Sant Mateu i Céllecs
MARC
| LEADER | 00000nam a2200000Ia 4500 | ||
|---|---|---|---|
| 001 | 24399 | ||
| 008 | 160829s9999 xx 000 0 cat d | ||
| 080 | |a Bib-247 | ||
| 245 | |a La Conreria, Sant Mateu, Céllecs : |b guia de l'espai natural | ||
| 260 | |a [s.l.] : |b Consorci la Conreria-Sant Mateu-Céllecs, DL 1997 | ||
| 300 | |a 52 p. : |b il.; |c 23 cm + 1 plànol (58 x 39 cm pleg. a 20 x 15 cm) | ||
| 590 | |a Bibliografia | ||
| 610 | 2 | 0 | |a Espai Natural de la Conreria-Sant Mateu-Céllecs (Catalunya) |9 54251 |
| 650 | |a Espais naturals |x Catalunya |9 49616 | ||
| 650 | 0 | |a Espais naturals protegits |x Catalunya |9 50035 | |
| 650 | |a Conreria Sant Mateu i Céllecs |x Guies |9 50037 | ||
| 700 | |a Consorci de la Conreria, Sant Mateu i Céllecs |9 50038 | ||
| 901 | |a Arxiu | ||
| 942 | |n 1 | ||
| 952 | |0 0 |1 0 |4 0 |6 BIB247 |7 1 |9 55747 |a Arxiu |b Arxiu |d 2016-12-01 |l 0 |o Bib-247 |p 24399 |r 2016-12-01 00:00:00 |w 2016-12-01 |y ARXIU | ||
| 999 | |c 59620 |d 59620 | ||